LEADER 01819nam0 22004093i 450 001 VAN00303478 005 20260318092256.931 017 70$2N$a9783031790829 100 $a20260318d2025 |0itac50 ba 101 $aeng 102 $aCH 105 $a|||| ||||| 181 $ai$b e 182 $ab 183 $acr 200 1 $aˆThe ‰Cycad Botanists$fRoy Osborne, Dennis Wm Stevenson 210 $aCham$cSpringer$d2025 215 $aXIII, 351 p.$cill.$d24 cm 410 1$1001VAN00288833$12001 $aMemoirs of The New York Botanical Garden$1210 $aCham$cSpringer$d2021-$v123 620 $aCH$dCham$3VANL001889 676 $a581.7$cEcologia vegetale, piante caratteristiche di specifici ambienti$v22 676 $a630$cAgricoltura e tecnologie connesse$v22 676 $a571.92$cPatologia delle piante$v22 700 1$aOsborne$bRoy$3VANV259217$01802560 701 1$aStevenson$bDennis W.$3VANV259218$01897888 712 $aSpringer $3VANV108073$4650 790 1$aStevenson, Dennis William$zStevenson, Dennis W.$3VANV259219 790 1$aStevenson, D. W.$zStevenson, Dennis W.$3VANV259220 790 1$aStevenson, D.W.$zStevenson, Dennis W.$3VANV259222 801 $aIT$bSOL$c20260320$gRICA 856 4 $uhttps://link.springer.com/book/10.1007/978-3-031-79082-9$zE-book - Accesso al full-text attraverso riconoscimento IP di Ateneo, proxy e/o Shibboleth 899 $aBIBLIOTECA DEL DIPARTIMENTO DI SCIENZE E TECNOLOGIE AMBIENTALI BIOLOGICHE E FARMACEUTICHE$1IT-CE0101$2VAN17 912 $fN 912 $aVAN00303478 950 $aBIBLIOTECA DEL DIPARTIMENTO DI SCIENZE E TECNOLOGIE AMBIENTALI BIOLOGICHE E FARMACEUTICHE$d17CONS e-book 2405 $e17BIB2405/133 133 20260318 996 $aCycad Botanists$94553580 997 $aUNICAMPANIA